00244 a2200097 4500001000700000040003500007240004600042245004100088300000800129362000900137155338 cEscola São Tomás de Aquino10aSomando novos talentos para o Brasillpor10aSomando novos talentos para o Brasil a1640 a2007